| 000 | 00374nam a2200109Ia 4500 | ||
|---|---|---|---|
| 008 | 171212s9999 xx 000 0 und d | ||
| 020 | _a9781783741724 | ||
| 245 |
_ceditor Corbett, George;Webb, Heather _aVertical Readings in Dante's Comedy _bVolume 1 |
||
| 260 |
_bOpen Book Publishers _c2015 |
||
| 650 | _aLanguage & Literature | ||
| 856 | _uhttp://jstor.org/stable/j.ctt17w8gx0 | ||
| 999 |
_c351604 _d351604 |
||